000 00261nam a22001217a 4500
020 _a0-7214-0787-0
082 _a823
_bHUR/L
100 _aHURT, MARY
245 _aLOOKING AT ANIMALS
260 _aUK
_bLADY BIRD
650 _aENGLISH SHORT STORY
_zUK
942 _cBK
999 _c2611
_d2611